Регионална библиотека "Любен Каравелов" - Русе

Учебник физиологии (Запис номер 435538)

MARC детайли
000 -Лидер
Контролно поле с фиксирана дължина nam a22 a 4500
003 - Код на организацията, давaща контролен номер
Контролно поле BLK
005 - Дата и час на последна редакция
Контролно поле 20211103104817.0
008 - Елементи от данни с фиксирана дължина
fixed length control field 201022b bu |||||r|||| 00| | bu d
040 ## - Източник на каталожния запис
Идентификатор на билиотеката - собственик на записа BLK
041 ## - Код за език
Код за езика на текст/звукозапис или на отделно заглавие Руски
Код за езика КДБФ Руски
080 ## - УДК
Текстов определител УДК Физиология
УДК код - определител по УДК 612
УДК определител (02)
УДК - код + определител 612(02)
100 ## - Редна дума - Автор
R(LIN) 448536
Автор Фостър, Майкъл
Авторска отговорност първи автор
139 ## - Редно поле
Редна дума Фостър, Майкъл
245 ## - Сведения за заглавието
Заглавие Учебник физиологии
Редно поле (дума) М. Фостер, прев. от англ. И. Тарханов
Том Т. 2
260 ## - Област на издателските данни
9 (RLIN) 435409
Място на издаване, разпространение и проч. Санкт-Петербург
Име на издателя, разпространителя и проч. И. И. Билибин
Година на издаване 1882
300 ## - Физическа характеристика
Страници 633 с.
Илюстрации и др. с ил.
Размери/Мащаб 25 см
380 ## - Жанр
Жанр Медицина
490 ## - СЕРИИ (Колекции)
9 (RLIN) 435080
Име на серия Колекция Редки и ценни издания
650 #7 - Допълнително описание по предмет – тема
9 (RLIN) 175303
Основно описание – тема или топоним Физиология
653 #0 - Ключова дума – ненормативна
9 (RLIN) 390408
Ключова дума учебник
700 ## - Други автори (авторска отговорност)
9 (RLIN) 1021
Лично име Тарханов, Иван Рамазович
Автороска отговорност (Описва отношението между автора и произведението) прев. от англ.
760 ## - Описание на основната серия
Редна дума на основното описание Фостър, Майкъл
Страници - том 633 с., с ил.
Част - том Т. 2
Заглавие Учебник физиологии
852 ## - Местоположение
Форматна сигнатура Рр 882
Фондова буква Редки и ценни
999 ## - СИСТЕМНИ КОНТРОЛНИ НОМЕРА
Koha biblionumber 435538
Koha biblioitemnumber 435538
942 ## - АРТИКУЛИ
Вид на библиотечния материал Книги
Скрит в OPAC Не
Периодичен библиозапис Да
944 ## - СЪЗДАВАНЕ И РЕДАКЦИЯ на ЗАПИСА
Дата на регистрацията/редакция 2021-11-03
Служител, извършил регистрацията/редакцията К.Д.
999 ## - СИСТЕМНИ КОНТРОЛНИ НОМЕРА
Koha biblioitemnumber 435538
Наличности
Код за отписване Код за изгубен артикул Източник на класификационната схема Код за повреда Коз за рестрикции Код за отдаване Артикулен № Име на библиотеката - собственик Име на библиотеката, в която се намира в момента Статус (Текущо местоположение) Дата на вписване в системата Местоположение - отдел Цена в лева Инвентарен номер Систематично азбучна сигнатура Баркод Цена в евро Служебен тип на артикула
  Не е изгубен Universal Decimal Classification Не е повреден само за читалня Специални фондове ( старопечатни, редки и ценни, фонд М. Арнаудов) 860317 Регионална библиотека "Любен Каравелов" Русе Регионална библиотека "Любен Каравелов" Русе Редки и ценни 2021-11-04 Редки и ценни 1.26 7797/57 Рр 882 900000081686 0.64 Книги
Vip Innovations Ltd, Rousse, Bulgaria 2025